000 00648nam a2200277Ia 4500
005 20260324123055.0
008 008 260324s9999 xx 000 0 eng d
020 _a9780429234934
037 _aEBOOK
040 _aCRL
040 _beng
040 _cCRL
041 _2eng
041 _aeng
084 _qCRL
100 _aJeremy Swinson; Alex Harrop
_91168920
245 0 _aPositive Psychology for Teachers
260 _bTaylor and Francis
260 _c2012
365 _a
365 _b280
856 _uhttp://www.taylorfrancis.com/books/9780429234934
942 _cEBOOK
999 _c1762127
_d1762127